[Event "4NCL/Div1/WES1 vs. GUI2"]
[Site "West Bromwich ENG"]
[Date "2005.04.09"]
[Round "7.7"]
[White "Yeo, Michael J"]
[Black "Granat, Russell G"]
[Result "1/2-1/2"]
[WhiteElo "2222"]
[BlackElo "2262"]
[PlyCount "132"]
[EventDate "2005.04.09"]
[SourceDate "2004.09.21"]

1. e4 Nc6 2. Nc3 Nf6 3. d4 d6 4. f4 e5 5. dxe5 dxe5 6. Qxd8+ Kxd8 7. fxe5 Nxe5
8. Nf3 Bd6 9. Bg5 c6 10. O-O-O Kc7 11. Be2 h6 12. Bxf6 gxf6 13. Nd4 Be7 14. h3
h5 15. Rhf1 Bd7 16. Nf5 Bxf5 17. Rxf5 h4 18. Bf1 Rag8 19. Ne2 Nc4 20. Rf3 Rd8
21. Nd4 Ne5 22. Rf2 Rd7 23. Nf5 Rxd1+ 24. Kxd1 Bc5 25. Rd2 b5 26. c3 a5 27. Kc2
Ng6 28. a3 a4 29. Kd1 Re8 30. Bd3 Nf4 31. Bb1 Rg8 32. Ba2 Rxg2 33. Rxg2 Nxg2
34. Bxf7 Nf4 35. Nxh4 {(=)} Nxh3 36. Bg6 Nf4 37. Bf5 Nd3 38. Kc2 Ne5 39. Be6
Kd6 40. Bg8 Ng4 41. Nf3 Nf2 42. Bh7 Be3 43. Nd4 Bxd4 44. cxd4 c5 45. dxc5+ Kxc5
46. Kc3 Nd1+ 47. Kc2 Ne3+ 48. Kc3 Nc4 49. Bg8 Na5 50. b4+ axb3 51. Bxb3 Nxb3
52. Kxb3 Kd4 53. Kb4 Kxe4 54. Kxb5 f5 55. a4 f4 56. a5 f3 57. a6 f2 58. a7
f1=Q+ 59. Kb6 Qf6+ 60. Kb7 Qe7+ 61. Kb8 Qd6+ 62. Kb7 Qd7+ 63. Kb8 Qb5+ 64. Ka8
Qc6+ 65. Kb8 Qb6+ 66. Ka8 Qxa7+ 1/2-1/2

[Event "4NCL/Div1/WES1 vs. GUI2"]
[Site "West Bromwich ENG"]
[Date "2005.04.09"]
[Round "7.8"]
[White "Yurenok, Maria S"]
[Black "Evans-Quek, Debbie"]
[Result "1/2-1/2"]
[WhiteElo "2078"]
[BlackElo "1995"]
[PlyCount "67"]
[EventDate "2005.04.09"]
[SourceDate "2004.09.21"]

1. d4 e6 2. Nf3 Nf6 3. Bg5 c5 4. e3 Nc6 5. c3 Qb6 6. Qc2 Be7 7. Nbd2 d5 8. Be2
h6 9. Bh4 g5 10. Bg3 Nh5 11. Be5 Nxe5 12. Nxe5 Nf6 13. O-O Bd7 14. Rae1 Rc8 15.
Qb1 Bb5 16. f4 Bxe2 17. Rxe2 g4 18. f5 h5 19. fxe6 Qxe6 20. Qd3 O-O 21. e4 Kg7
22. exd5 Nxd5 23. Rf5 Qh6 24. Nd7 Nf4 25. Rxf4 Qxf4 26. Nxf8 Bxf8 27. d5 Bd6
28. g3 Qa4 29. a3 Qd1+ 30. Kg2 c4 31. Qe3 Bc5 32. Qg5+ Kf8 33. Qh6+ Kg8 34.
Qg5+ 1/2-1/2

[Event "4NCL/Div1/BAR1 vs. RICA"]
[Site "West Bromwich ENG"]
[Date "2005.04.09"]
[Round "7.1"]
[White "Parker, Jonathan"]
[Black "Wall, Gavin"]
[Result "1-0"]
[WhiteElo "2537"]
[BlackElo "2368"]
[PlyCount "55"]
[EventDate "2005.04.09"]
[SourceDate "2004.09.21"]

1. e4 e5 2. Nf3 d6 3. d4 exd4 4. Nxd4 Nf6 5. Nc3 Be7 6. g3 d5 7. exd5 Nxd5 8.
Bd2 Nb4 9. Be3 Nd5 10. Qd3 Nxe3 11. Qxe3 O-O 12. O-O-O Bc5 13. Bg2 Nd7 14. Rhe1
c6 15. Ne4 Qb6 16. Qd2 Bb4 17. c3 Be7 18. Nf5 Bd8 19. Qd6 Nf6 20. Nh6+ gxh6 21.
Nxf6+ Bxf6 22. Qxf6 Qa5 23. Qxh6 Qxa2 24. Qg5+ Kh8 25. Qf6+ Kg8 26. Qg5+ Kh8
27. Qf6+ Kg8 28. Be4 1-0

[Event "4NCL/Div1/BAR1 vs. RICA"]
[Site "West Bromwich ENG"]
[Date "2005.04.09"]
[Round "7.2"]
[White "Bates, Richard A"]
[Black "Collins, Sam"]
[Result "1/2-1/2"]
[WhiteElo "2377"]
[BlackElo "2400"]
[PlyCount "103"]
[EventDate "2005.04.09"]
[SourceDate "2004.09.21"]

1. d4 Nf6 2. Nf3 g6 3. g3 Bg7 4. Bg2 O-O 5. O-O d6 6. c4 Nbd7 7. Nc3 e5 8. e4
a6 9. d5 Qe7 10. Ne1 c5 11. dxc6 bxc6 12. Nd3 Rd8 13. Be3 Rb8 14. Qe2 Nf8 15.
Rad1 a5 16. Rfe1 Ne6 17. b3 h5 18. c5 Ba6 19. Qc2 Ng4 20. Na4 d5 21. exd5 cxd5
22. Bc1 Bxd3 23. Rxd3 e4 24. Rdd1 Bd4 25. Rxd4 Nxd4 26. Qd2 Nc6 27. Bb2 Nge5
28. Ba1 Kh7 29. Kh1 f5 30. f3 Qf8 31. Qg5 Qh6 32. Qf6 Rf8 33. Qe6 Rbe8 34. Qxd5
exf3 35. Bf1 Rd8 36. Qe6 Rfe8 37. Qf6 Qg7 38. Qxg7+ Kxg7 39. Bb5 Kf7 40. Rf1
Re7 41. Nb6 Rd2 42. Nc8 Rc7 43. Nd6+ Kf8 44. a3 h4 45. gxh4 Rh7 46. Bxc6 Nxc6
47. Bf6 Rd3 48. b4 axb4 49. axb4 Nxb4 50. Re1 Rxd6 51. cxd6 Rd7 52. Be7+
1/2-1/2

[Event "4NCL/Div1/BAR1 vs. RICA"]
[Site "West Bromwich ENG"]
[Date "2005.04.09"]
[Round "7.3"]
[White "Palliser, Richard"]
[Black "Hinks-Edwards, Thomas"]
[Result "1-0"]
[WhiteElo "2402"]
[BlackElo "2356"]
[PlyCount "95"]
[EventDate "2005.04.09"]
[SourceDate "2004.09.21"]

1. d4 Nf6 2. c4 e6 3. Nf3 b6 4. g3 Ba6 5. Nbd2 Bb4 6. Qc2 Bb7 7. Bg2 O-O 8. O-O
Bxd2 9. Nxd2 Bxg2 10. Kxg2 d5 11. Nf3 Nbd7 12. cxd5 exd5 13. Bg5 Re8 14. e3 Re6
15. Rac1 c6 16. Ne5 Rc8 17. Qf5 Qe8 18. Nxd7 Nxd7 19. Bf4 Nf8 {(=)} 20. Rc3 h6
21. h4 Ng6 22. Rfc1 Qd7 23. Kh2 Nxf4 24. gxf4 Qd8 25. h5 Qh4+ 26. Kg2 Rc7 27.
Rg1 Qf6 28. Qxf6 Rxf6 29. b4 Kf8 30. Kf3 g6 31. Kg4 Ke7 32. Rh1 g5 33. fxg5
Rxf2 34. gxh6 Rg2+ 35. Kf3 Rg8 36. Rhc1 Kd6 37. Kf4 Rh8 38. b5 c5 39. dxc5+
bxc5 40. Ra3 c4 41. Ra6+ Kc5 42. a4 Re7 43. Rb1 Re4+ 44. Kf3 Re6 45. Rxa7 Rhxh6
46. a5 Rhf6+ 47. Kg4 Rxe3 48. b6 1-0

[Event "4NCL/Div1/BAR1 vs. RICA"]
[Site "West Bromwich ENG"]
[Date "2005.04.09"]
[Round "7.4"]
[White "Webb, Laurence E"]
[Black "Collinson, Adam"]
[Result "1-0"]
[WhiteElo "2336"]
[BlackElo "2385"]
[PlyCount "131"]
[EventDate "2005.04.09"]
[SourceDate "2004.09.21"]

1. e4 d6 2. d4 Nf6 3. Nc3 g6 4. Nf3 Bg7 5. Be3 O-O 6. Qd2 Ng4 7. Bg5 f6 8. Bh4
a6 9. h3 Nh6 10. Bc4+ Kh8 11. Bg3 Nc6 12. O-O-O b5 13. Bd5 Bd7 14. Ne2 e6 15.
Bb3 a5 16. Nf4 Qe7 17. a3 a4 18. Ba2 Na5 19. d5 e5 20. Ne6 Nf7 21. Qd3 Rfc8 22.
Nxg7 Kxg7 23. Nd2 c5 24. dxc6 Nxc6 25. Kb1 b4 26. Bxf7 Qxf7 27. Nc4 Rd8 28.
Nxd6 Qe7 29. Nb7 Rdb8 30. Qxd7 Rxb7 31. Qxe7+ Nxe7 32. axb4 Rxb4 33. Rd7 Kf7
34. c3 Rxe4 35. Rhd1 Rb8 36. f3 Re2 37. R1d2 Rxd2 38. Rxd2 Ke6 39. Bf2 a3 40.
b4 Nd5 41. Rc2 Nf4 42. Be3 Nd3 43. Ka2 Kd5 44. Kb3 e4 45. fxe4+ Kxe4 46. Bc1 a2
47. Kxa2 Kd5 48. Kb3 Nc5+ 49. Ka3 Nd3 50. c4+ Kd4 51. Bd2 Ne5 52. Bc3+ Kd3 53.
Bxe5 fxe5 54. Kb3 e4 55. c5 e3 56. c6 Kd4 57. Ka4 Kd3 58. Rc1 e2 59. b5 Kd2 60.
Rb1 Kc3 61. Ka5 Kc4 62. Rc1+ Kd5 63. c7 Rf8 64. b6 Kd6 65. Ka6 h5 66. Kb7 1-0

[Event "4NCL/Div1/BAR1 vs. RICA"]
[Site "West Bromwich ENG"]
[Date "2005.04.09"]
[Round "7.5"]
[White "Ferguson, Mark"]
[Black "Nixon, Thomas C M"]
[Result "1-0"]
[WhiteElo "2387"]
[BlackElo "2195"]
[PlyCount "67"]
[EventDate "2005.04.09"]
[SourceDate "2004.09.21"]

1. e4 e5 2. Nf3 Nc6 3. Nc3 Nf6 4. g3 Be7 5. Bg2 d6 6. h3 O-O 7. O-O h6 8. d4
Re8 9. Be3 Bf8 10. Qd2 b6 11. Rad1 Bb7 12. d5 Na5 13. Qd3 c6 14. dxc6 Bxc6 15.
Nh4 Qc8 16. Nf5 Bd7 17. g4 Be6 18. b3 Qc6 19. Nd5 Bxd5 20. exd5 Qc7 21. c4 Rac8
22. f4 e4 23. Qd4 Qd8 24. g5 Nh5 25. Bd2 hxg5 26. fxg5 e3 27. Bxe3 g6 28. Nh6+
Bxh6 29. gxh6 f5 30. Bf3 Qe7 31. Rde1 Qe5 32. Qxe5 Rxe5 33. Bxh5 gxh5 34. Bf4
1-0

[Event "4NCL/Div1/BAR1 vs. RICA"]
[Site "West Bromwich ENG"]
[Date "2005.04.09"]
[Round "7.6"]
[White "McPhillips, Karl"]
[Black "Devereaux, Maxim"]
[Result "0-1"]
[WhiteElo "2235"]
[BlackElo "2331"]
[PlyCount "72"]
[EventDate "2005.04.09"]
[SourceDate "2004.09.21"]

1. d4 Nf6 2. c4 e6 3. Nf3 b6 4. e3 Bb4+ 5. Nbd2 Bb7 6. Bd3 O-O 7. O-O d5 8. a3
Be7 9. b4 c5 10. dxc5 bxc5 11. b5 Nbd7 12. Bb2 Qc7 13. Qc2 Rfc8 14. Rfd1 a6 15.
a4 h6 16. Bc3 axb5 17. axb5 dxc4 18. Nxc4 Rxa1 19. Rxa1 Bxf3 20. gxf3 Nd5 21.
Ra6 Nb4 22. Bxb4 cxb4 23. Rc6 Qd8 24. Na5 Rb8 25. Nb7 Qf8 26. Rc7 Ne5 27. Kg2
Bd8 28. Nxd8 Qxd8 29. Bh7+ Kh8 30. f4 b3 31. Qc3 Qd5+ 32. e4 Qxb5 33. Bf5 exf5
34. Rc8+ Kh7 35. fxe5 b2 36. Qf3 g6 0-1

[Event "4NCL/Div1/BAR1 vs. RICA"]
[Site "West Bromwich ENG"]
[Date "2005.04.09"]
[Round "7.7"]
[White "Knott, Simon"]
[Black "Mitchem, Nicholas D"]
[Result "1-0"]
[WhiteElo "2386"]
[BlackElo "2060"]
[PlyCount "49"]
[EventDate "2005.04.09"]
[SourceDate "2004.09.21"]

1. Nf3 Nf6 2. c4 g6 3. Nc3 Bg7 4. e4 d6 5. d4 O-O 6. Be2 c6 7. O-O Qc7 8. Be3
Nbd7 9. h3 e5 10. d5 a6 11. b4 a5 12. a3 axb4 13. axb4 Rxa1 14. Qxa1 Nh5 15.
Rd1 Nf4 16. Bf1 f5 17. g3 Nh5 18. Ng5 Ndf6 19. c5 Ne8 20. dxc6 bxc6 21. cxd6
Nxd6 22. Bc5 Rd8 23. Bxd6 Rxd6 24. Rxd6 Qxd6 25. Qa2+ 1-0

[Event "4NCL/Div1/BAR1 vs. RICA"]
[Site "West Bromwich ENG"]
[Date "2005.04.09"]
[Round "7.8"]
[White "Wilson, Alexandra"]
[Black "Bhatia, Kanwal K"]
[Result "0-1"]
[WhiteElo "2058"]
[BlackElo "2071"]
[PlyCount "70"]
[EventDate "2005.04.09"]
[SourceDate "2004.09.21"]

1. e4 e5 2. Nf3 Nc6 3. Bb5 a6 4. Ba4 Nf6 5. O-O b5 6. Bb3 Bc5 7. c3 d6 8. a4
Bb7 9. d4 Bb6 10. Re1 O-O 11. axb5 axb5 12. Rxa8 Bxa8 13. d5 Ne7 14. Bg5 Ng6
15. Nh4 h6 16. Nxg6 fxg6 17. Be3 Bxe3 18. Rxe3 Bb7 19. Qe2 Qe8 20. Na3 Ba6 21.
Nc2 Bc8 22. Nb4 Bg4 23. Qf1 g5 24. Nc6 Qf7 25. f3 Bd7 26. Qxb5 Ng4 27. Re1 Qf4
28. Ne7+ Kh7 29. Qxd7 Qxh2+ 30. Kf1 Rxf3+ 31. Ke2 Qxg2+ 32. Kd1 Nf2+ 33. Kc1
Nd3+ 34. Kd1 Rf2 35. Re2 Qf1+ 0-1

[Event "4NCL/Div1/AD1 vs. WGR1"]
[Site "West Bromwich ENG"]
[Date "2005.04.09"]
[Round "7.1"]
[White "Chandler, Murray G"]
[Black "Lalic, Bogdan"]
[Result "1/2-1/2"]
[WhiteElo "2544"]
[BlackElo "2503"]
[PlyCount "51"]
[EventDate "2005.04.09"]
[SourceDate "2004.09.21"]

1. e4 e5 2. Nf3 Nf6 3. Nxe5 d6 4. Nf3 Nxe4 5. d4 d5 6. Bd3 Nc6 7. O-O Be7 8. c4
Nb4 9. Be2 O-O 10. Nc3 Be6 11. Ne5 f6 12. Nf3 Kh8 13. Qb3 dxc4 14. Bxc4 Bxc4
15. Qxc4 Nxc3 16. bxc3 Nd5 17. Rb1 Rb8 18. Bd2 c6 19. Rfe1 Bd6 20. Qd3 b5 21.
Re4 Qd7 22. Rbe1 Rfe8 23. a3 Rxe4 24. Rxe4 Re8 25. Rxe8+ Qxe8 26. c4 1/2-1/2

[Event "4NCL/Div1/AD1 vs. WGR1"]
[Site "West Bromwich ENG"]
[Date "2005.04.09"]
[Round "7.4"]
[White "Baburin, Alexander"]
[Black "Snape, Ian"]
[Result "1-0"]
[WhiteElo "2523"]
[BlackElo "2265"]
[PlyCount "127"]
[EventDate "2005.04.09"]
[SourceDate "2004.09.21"]

1. d4 Nf6 2. c4 g6 3. Nf3 Bg7 4. g3 O-O 5. Bg2 d6 6. O-O c6 7. Nc3 Qa5 8. e4 e5
9. h3 Nbd7 10. Re1 b5 11. c5 b4 12. Na4 dxc5 13. dxe5 Ne8 14. Be3 Nc7 15. a3
bxa3 16. Rxa3 Nb5 17. Ra1 Nxe5 18. Nxe5 Bxe5 19. Nxc5 Qc7 20. Qc2 Nd4 21. Qc4
Ne6 22. Nd3 Bg7 23. e5 Bb7 24. Bxa7 c5 25. Bxc5 Bxg2 26. Kxg2 Qc6+ 27. f3 Ng5
28. Qg4 Rxa1 29. Rxa1 Rd8 30. Bd6 Qc2+ 31. Nf2 Ne6 32. Qb4 h5 33. h4 Rc8 34.
Qb7 Nd4 35. Ra7 Qc4 36. Ra8 Rxa8 37. Qxa8+ Kh7 38. Qe4 Bh6 39. f4 Bg7 40. b4
Qc3 41. Bc5 Nf5 42. Qd3 Qc1 43. Ne4 Kh6 44. Nd6 Qb2+ 45. Kf3 Nxd6 46. Bxd6 Qh2
47. b5 f6 48. Ke4 fxe5 49. fxe5 Kh7 50. Kd5 Qg2+ 51. Kc5 Qg1+ 52. Kc6 Qg2+ 53.
Kc7 Qa2 54. b6 Qf7+ 55. Kc6 Qe8+ 56. Kd5 Qa8+ 57. Kc5 Qc8+ 58. Kb4 Qc6 59. Qb5
Qe4+ 60. Qc4 Qe1+ 61. Kb5 Qb1+ 62. Kc6 Qh1+ 63. Kc7 Qa8 64. b7 1-0

[Event "4NCL/Div1/AD1 vs. WGR1"]
[Site "West Bromwich ENG"]
[Date "2005.04.09"]
[Round "7.5"]
[White "Wheeler, Darren P"]
[Black "Emms, John M"]
[Result "0-1"]
[WhiteElo "2239"]
[BlackElo "2505"]
[PlyCount "58"]
[EventDate "2005.04.09"]
[SourceDate "2004.09.21"]

1. e4 c5 2. f4 d5 3. exd5 Nf6 4. Bb5+ Bd7 5. Bxd7+ Qxd7 6. c4 e6 7. Qe2 Bd6 8.
f5 O-O 9. fxe6 fxe6 10. dxe6 Qc7 11. Nf3 Nc6 12. Nc3 Rae8 13. d3 Nd4 14. Nxd4
cxd4 15. Nb5 Bb4+ 16. Bd2 Bxd2+ 17. Kxd2 Qb6 18. Qe5 Rxe6 19. Qxd4 Ne4+ 20. Kc2
Rf2+ 21. Kc1 Nc5 22. b4 Nxd3+ 23. Qxd3 Ree2 24. Kd1 Qf6 25. Qd5+ Kh8 26. Rc1
Rxg2 27. Nc3 Ref2 28. Re1 Qf3+ 29. Ne2 Rxe2 0-1

[Event "4NCL/Div1/AD1 vs. WGR1"]
[Site "West Bromwich ENG"]
[Date "2005.04.09"]
[Round "7.6"]
[White "Ward, Christopher"]
[Black "Wallace, Paul"]
[Result "1-0"]
[WhiteElo "2485"]
[BlackElo "2172"]
[PlyCount "61"]
[EventDate "2005.04.09"]
[SourceDate "2004.09.21"]

1. d4 Nf6 2. c4 d6 3. Nc3 Nbd7 4. e4 e5 5. d5 Nc5 6. f3 a5 7. Be3 Be7 8. Qd2
Nh5 9. O-O-O h6 10. g3 Nf6 11. Kb1 Nfd7 12. f4 Bf6 13. Nf3 b6 14. f5 Be7 15.
Qc2 Nf6 16. h3 Bb7 17. g4 Qd7 18. Rg1 Rc8 19. h4 c6 20. g5 hxg5 21. hxg5 Ng8
22. Bxc5 bxc5 23. dxc6 Qxc6 24. Nd5 Bd8 25. Bd3 Qd7 26. Rh1 Rxh1 27. Rxh1 Bxd5
28. exd5 Kf8 29. Rh8 e4 30. Bxe4 Qe8 31. f6 1-0

[Event "4NCL/Div1/AD1 vs. WGR1"]
[Site "West Bromwich ENG"]
[Date "2005.04.09"]
[Round "7.7"]
[White "Anderton, David"]
[Black "Turner, Matthew J"]
[Result "0-1"]
[WhiteElo "2248"]
[BlackElo "2499"]
[PlyCount "42"]
[EventDate "2005.04.09"]
[SourceDate "2004.09.21"]

1. d4 Nf6 2. c4 e6 3. Nc3 Bb4 4. Qc2 O-O 5. a3 Bxc3+ 6. Qxc3 b6 7. Bg5 h6 8.
Bh4 Ba6 9. Qf3 Nc6 10. e3 Na5 11. Rc1 c5 12. Bxf6 Qxf6 13. Qxf6 gxf6 14. d5
Rab8 15. Nf3 b5 16. cxb5 Bxb5 17. Rxc5 Rfc8 18. Rc3 Rxc3 19. bxc3 Bc4 20. dxe6
Rb1+ 21. Kd2 fxe6 0-1

[Event "4NCL/Div1/AD1 vs. WGR1"]
[Site "West Bromwich ENG"]
[Date "2005.04.09"]
[Round "7.8"]
[White "Hunt, Harriet"]
[Black "Bellin, Jana"]
[Result "1-0"]
[WhiteElo "2415"]
[BlackElo "2184"]
[PlyCount "85"]
[EventDate "2005.04.09"]
[SourceDate "2004.09.21"]

1. e4 c5 2. Nf3 e6 3. b3 Nc6 4. Bb2 d5 5. exd5 exd5 6. Bb5 Qe7+ 7. Be2 Bg4 8.
O-O O-O-O 9. Re1 Nf6 10. d4 Qc7 11. Nbd2 Kb8 12. a3 Ne4 13. Ne5 Nxe5 14. dxe5
Bxe2 15. Qxe2 Nxd2 16. Qxd2 Be7 17. b4 Rhe8 18. Rab1 d4 19. bxc5 Bxc5 20. Qg5
g6 21. Re2 Rd5 22. Rbe1 Bb6 23. Bc1 Ba5 24. Rd1 Qc4 25. Rd3 Bc7 26. f4 h5 27.
Qf6 Rd7 28. Qh4 Ba5 29. Qg3 Qe6 30. h3 Rc8 31. Kh2 Bb6 32. Bb2 Rdc7 33. Bxd4
Rxc2 34. Rxc2 Rxc2 35. Bxb6 axb6 36. Rd6 Qc4 37. e6 fxe6 38. Rxe6 Rc3 39. Re3
Rxe3 40. Qxe3 Qc6 41. g4 Qc5 42. Qxc5 bxc5 43. f5 1-0

[Event "4NCL/Div1/3CS1 vs. WGR1"]
[Site "West Bromwich ENG"]
[Date "2005.04.10"]
[Round "8.1"]
[White "Davies, Nigel R"]
[Black "Lalic, Bogdan"]
[Result "1/2-1/2"]
[WhiteElo "2523"]
[BlackElo "2503"]
[PlyCount "26"]
[EventDate "2005.04.10"]
[SourceDate "2004.09.21"]

1. c4 c5 2. g3 Nc6 3. Bg2 g6 4. Nc3 Bg7 5. e3 e6 6. Nge2 Nge7 7. O-O O-O 8. d4
cxd4 9. Nxd4 d5 10. cxd5 Nxd4 11. exd4 Nxd5 12. Nxd5 exd5 13. Be3 Be6 1/2-1/2

[Event "4NCL/Div1/3CS1 vs. WGR1"]
[Site "West Bromwich ENG"]
[Date "2005.04.10"]
[Round "8.2"]
[White "Gormally, Daniel W"]
[Black "Gordon, Stephen J"]
[Result "1/2-1/2"]
[WhiteElo "2532"]
[BlackElo "2364"]
[PlyCount "43"]
[EventDate "2005.04.10"]
[SourceDate "2004.09.21"]

1. d4 Nf6 2. Nf3 e6 3. c4 Bb4+ 4. Nbd2 b6 5. g3 Bb7 6. Bg2 O-O 7. O-O a5 8. Qc2
Bxd2 9. Bxd2 Be4 10. Qc3 d6 11. b3 Nbd7 12. a3 Qe7 13. Bg5 h6 14. Bxf6 Nxf6 15.
Nd2 Bxg2 16. Kxg2 c5 17. e4 cxd4 18. Qxd4 Qb7 19. Rfe1 b5 20. cxb5 Qxb5 21. a4
Qa6 22. Rac1 1/2-1/2

[Event "4NCL/Div1/3CS1 vs. WGR1"]
[Site "West Bromwich ENG"]
[Date "2005.04.10"]
[Round "8.3"]
[White "Ashton, Adam G"]
[Black "Baburin, Alexander"]
[Result "0-1"]
[WhiteElo "2299"]
[BlackElo "2523"]
[PlyCount "48"]
[EventDate "2005.04.10"]
[SourceDate "2004.09.21"]

1. e4 Nf6 2. e5 Nd5 3. Nc3 Nxc3 4. dxc3 d6 5. Nf3 dxe5 6. Qxd8+ Kxd8 7. Nxe5
Be6 8. Be3 Nd7 9. O-O-O Ke8 10. Nf3 Bg4 11. Be2 e5 12. h3 Bf5 13. Rhe1 f6 14.
Bc4 Be4 15. Nh4 g5 16. f3 Bc5 17. Bf7+ Kxf7 18. Rxd7+ Ke6 19. Bxc5 Kxd7 20.
Rxe4 gxh4 21. Rxh4 h5 22. Re4 Rag8 23. Re2 Rg3 24. Kd2 Rhg8 0-1

[Event "4NCL/Div1/3CS1 vs. WGR1"]
[Site "West Bromwich ENG"]
[Date "2005.04.10"]
[Round "8.5"]
[White "James, Dale R"]
[Black "Ward, Christopher"]
[Result "0-1"]
[WhiteElo "2199"]
[BlackElo "2485"]
[PlyCount "80"]
[EventDate "2005.04.10"]
[SourceDate "2004.09.21"]

1. e4 c5 2. Nc3 Nc6 3. f4 e6 4. Nf3 a6 5. d4 cxd4 6. Nxd4 Nxd4 7. Qxd4 Qc7 8.
Be2 b5 9. a3 Bb7 10. Be3 Rc8 11. Bf3 h5 12. Rd1 Nf6 13. e5 Ng4 14. Bxg4 hxg4
15. O-O Bc5 16. Qxc5 Qxc5 17. Bxc5 Rxc5 18. Rd2 g5 19. g3 gxf4 20. gxf4 Rc4 21.
Ne2 Re4 22. Rfd1 Bc6 23. Nd4 Bd5 24. Ne2 Re3 25. Nc3 Bc6 26. Rd3 Rf3 27. Ne2
Kf8 28. R1d2 Rh4 29. Rd6 g3 30. hxg3 Rh1+ 31. Kg2 Rff1+ 32. Rxc6 dxc6 33. Rd6
Rb1 34. Rxc6 Rhd1 35. b4 Rd2 36. Kf3 Re1 37. Nc3 Rxc2 38. Rc5 Rec1 39. Ne4 Rxc5
40. Nxc5 Rc3+ 0-1

[Event "4NCL/Div1/3CS1 vs. WGR1"]
[Site "West Bromwich ENG"]
[Date "2005.04.10"]
[Round "8.7"]
[White "Jaunooby, Ali Reza"]
[Black "Turner, Matthew J"]
[Result "1/2-1/2"]
[WhiteElo "2205"]
[BlackElo "2499"]
[PlyCount "61"]
[EventDate "2005.04.10"]
[SourceDate "2004.09.21"]

1. d4 Nf6 2. c4 e6 3. Nc3 Bb4 4. Bg5 h6 5. Bh4 c5 6. d5 d6 7. e3 Bxc3+ 8. bxc3
e5 9. Qa4+ Nbd7 10. Nf3 O-O 11. Nd2 Re8 12. Be2 Qe7 13. f3 g5 14. Bg3 e4 15. f4
gxf4 16. Bxf4 Ne5 17. O-O Bd7 18. Qc2 Kg7 19. Nxe4 Nxe4 20. Qxe4 f5 21. Qc2 Ng6
22. Bd3 Nxf4 {(=)} 23. exf4 Qf6 24. Rae1 b6 25. Qd2 a6 26. Rb1 Rab8 27. Rfe1
Rxe1+ 28. Qxe1 Kf8 29. Rb3 b5 30. Qf2 Be8 31. h3 1/2-1/2

[Event "4NCL/Div1/3CS1 vs. WGR1"]
[Site "West Bromwich ENG"]
[Date "2005.04.10"]
[Round "8.8"]
[White "Arakhamia-Grant, Ketevan"]
[Black "Martin, Katie"]
[Result "1-0"]
[WhiteElo "2452"]
[BlackElo "1960"]
[PlyCount "49"]
[EventDate "2005.04.10"]
[SourceDate "2004.09.21"]

1. e4 e5 2. Bc4 Nf6 3. d3 c6 4. Nf3 d6 5. Nc3 Be7 6. a4 O-O 7. h3 Be6 8. Bxe6
fxe6 9. O-O Nbd7 10. Ng5 Qc8 11. Nxe6 Re8 12. f4 exf4 13. Bxf4 Ne5 14. Nd4 Rf8
15. Nf5 Qd7 16. Qd2 Ng6 17. Bg5 Rf7 18. Rf2 Raf8 19. Raf1 d5 20. Nxe7+ Nxe7 21.
e5 Ne8 22. Rxf7 Rxf7 23. Rxf7 Kxf7 24. Qf2+ Qf5 25. e6+ 1-0

[Event "4NCL/Div1/RICA vs. AD1"]
[Site "West Bromwich ENG"]
[Date "2005.04.10"]
[Round "8.2"]
[White "Mestel, A Jonathan"]
[Black "Bates, Richard A"]
[Result "0-1"]
[WhiteElo "2499"]
[BlackElo "2377"]
[PlyCount "56"]
[EventDate "2005.04.10"]
[SourceDate "2004.09.21"]

1. c4 g6 2. Nc3 Bg7 3. d4 Nf6 4. e4 d6 5. Be2 O-O 6. Nf3 Na6 7. Bf4 Nh5 8. Bg5
h6 9. Be3 e5 10. O-O Nf4 11. Re1 Bg4 12. Bxf4 exf4 13. h3 Bh5 14. Qd2 g5 15.
Rad1 c6 16. a3 Bg6 17. b4 Re8 18. Bf1 Bh5 19. c5 dxc5 20. bxc5 Nxc5 21. e5 Nb3
22. Qd3 c5 23. e6 Nxd4 24. Nxd4 Qxd4 25. Qf5 Qxc3 26. e7 Bxd1 27. Bd3 Qxe1+ 28.
Kh2 Rxe7 0-1

[Event "4NCL/Div1/RICA vs. AD1"]
[Site "West Bromwich ENG"]
[Date "2005.04.10"]
[Round "8.3"]
[White "Hinks-Edwards, Thomas"]
[Black "Hennigan, Michael T"]
[Result "1-0"]
[WhiteElo "2356"]
[BlackElo "2400"]
[PlyCount "83"]
[EventDate "2005.04.10"]
[SourceDate "2004.09.21"]

1. e4 c5 2. f4 d5 3. exd5 Nf6 4. c4 e6 5. dxe6 Bxe6 6. Nf3 Nc6 7. d3 Be7 8. Be2
Qd7 9. Nc3 h5 10. Be3 O-O-O 11. Qa4 Ng4 12. Bg1 Nd4 13. Qxd7+ Rxd7 14. Nxd4
cxd4 15. Nb5 Bb4+ 16. Kd1 Ne3+ 17. Bxe3 dxe3 18. Kc2 a6 19. a3 Be7 20. Nc3 h4
21. Bf3 Rd4 22. g3 Bf5 23. Be4 Bd7 24. Nd5 Bc5 25. b4 f5 26. Bf3 Ba7 27. Rae1
Bc6 28. Ne7+ Kd7 29. Bxc6+ Kxe7 30. Bxb7 Kf6 31. c5 g5 32. Rxe3 hxg3 33. hxg3
Rxh1 34. Bxh1 gxf4 35. gxf4 Rxf4 36. Bd5 a5 37. Re6+ Kg5 38. Ra6 Bb8 39. Rxa5
Rf2+ 40. Kb3 f4 41. Ra8 Be5 42. Re8 1-0

[Event "4NCL/Div1/RICA vs. AD1"]
[Site "West Bromwich ENG"]
[Date "2005.04.10"]
[Round "8.4"]
[White "Richardson, John R"]
[Black "Webb, Laurence E"]
[Result "1-0"]
[WhiteElo "2309"]
[BlackElo "2336"]
[PlyCount "85"]
[EventDate "2005.04.10"]
[SourceDate "2004.09.21"]

1. d4 Nf6 2. c4 e6 3. Nc3 Bb4 4. e3 c5 5. Nf3 O-O 6. Bd3 Nc6 7. O-O Bxc3 8.
bxc3 d6 9. e4 e5 10. h3 h6 11. d5 Ne7 12. Nh4 b6 13. Qf3 Ng6 14. Nf5 Bxf5 15.
exf5 e4 16. Bxe4 Ne5 17. Qe2 Re8 18. Bc2 b5 19. cxb5 Nxd5 20. Bd2 Nb6 21. Rfe1
Nec4 22. Qd3 Qf6 23. a4 Nxd2 24. Qxd2 Nc4 25. Qd3 Ne5 26. Qd5 Nd7 27. Qf3 d5
28. Red1 d4 29. cxd4 cxd4 30. Qc6 Qxc6 31. bxc6 Nb8 32. Rxd4 Nxc6 33. Rd6 Nb4
34. Bb3 Rad8 35. Rad1 Rxd6 36. Rxd6 Re7 37. Rd8+ Kh7 38. Rf8 g6 39. f6 Rc7 40.
Bxf7 h5 41. Bg8+ Kh6 42. Be6 Nd3 43. f7 1-0

[Event "4NCL/Div1/RICA vs. AD1"]
[Site "West Bromwich ENG"]
[Date "2005.04.10"]
[Round "8.5"]
[White "Nixon, Thomas C M"]
[Black "Lyell, Mark"]
[Result "1-0"]
[WhiteElo "2195"]
[BlackElo "2224"]
[PlyCount "79"]
[EventDate "2005.04.10"]
[SourceDate "2004.09.21"]

1. d4 d5 2. c4 dxc4 3. Nf3 Nf6 4. Qa4+ c6 5. Qxc4 Bf5 6. Nc3 Nbd7 7. g3 e6 8.
Bg2 Be7 9. O-O O-O 10. a3 Ne4 11. Rd1 Nb6 12. Qa2 Nxc3 13. bxc3 Be4 14. c4 Bf6
15. Be3 Na4 16. Rac1 Qa5 17. Nd2 Bxg2 18. Nb3 Qf5 19. Kxg2 Qe4+ 20. Kg1 Rfd8
21. Nd2 Qf5 22. Qb3 b5 23. Nf3 a6 24. Bf4 Rac8 25. c5 g5 26. Bd6 h5 27. Ne1 h4
28. Rd3 Kg7 29. Ng2 hxg3 30. fxg3 Rh8 31. h4 Qe4 32. hxg5 Bxd4+ 33. e3 Be5 34.
Rf1 Bxd6 35. cxd6 Qe5 36. Rd4 Qxg3 37. Rdf4 Qh2+ 38. Kf2 Rhd8 39. Qd1 Qh5 40.
Qxh5 1-0

[Event "4NCL/Div1/RICA vs. AD1"]
[Site "West Bromwich ENG"]
[Date "2005.04.10"]
[Round "8.6"]
[White "Snape, Ian"]
[Black "McPhillips, Karl"]
[Result "1/2-1/2"]
[WhiteElo "2265"]
[BlackElo "2235"]
[PlyCount "108"]
[EventDate "2005.04.10"]
[SourceDate "2004.09.21"]

1. c4 e5 2. Nc3 Nc6 3. g3 g6 4. Bg2 Bg7 5. d3 d6 6. Rb1 a5 7. a3 f5 8. e3 Nf6
9. Nge2 O-O 10. b4 axb4 11. axb4 Ne7 12. f4 c6 13. b5 exf4 14. gxf4 d5 15. c5
Kh8 16. Bd2 Neg8 17. O-O Qe7 18. Na4 Ng4 19. Rf3 Bd7 20. Nb6 Ra3 21. Qc2 Rd8
22. Nxd7 Qxd7 23. h3 N4h6 24. Bb4 Ra7 25. bxc6 bxc6 26. Bc3 Rda8 27. Bxg7+ Qxg7
28. Nd4 Ne7 29. Rff1 Nf7 30. Ne6 Qf6 31. Qb2 Qxb2 32. Rxb2 Nd8 33. Nxd8 Rxd8
34. Rfb1 Kg7 35. Rb7 Rxb7 36. Rxb7 Kf6 37. d4 h6 38. h4 Ke6 39. Kf2 Rc8 40. Bf3
Ng8 41. Rg7 Ne7 42. h5 Kf6 43. Rh7 Re8 44. Be2 Ng8 45. Ra7 g5 46. fxg5+ hxg5
47. Rc7 Re6 48. Ba6 Ne7 49. Bc8 Re4 50. Bd7 f4 51. exf4 Rxf4+ 52. Kg2 Rh4 53.
Be8 Ke6 54. Bd7+ Kf6 1/2-1/2